Guess the Taylor Swift song (13) - Statistics

General Stats
  • This quiz has been taken 17 times
  • The average score is 101 of 232
Answer Stats
Answer % Correct
I
85%
we
85%
We
85%
you
85%
You
85%
a
77%
the
77%
me
69%
to
69%
your
69%
and
62%
And
62%
Be
62%
be
62%
in
62%
it
62%
You're
62%
all
54%
I'm
54%
is
54%
my
54%
never
54%
of
54%
So
54%
this
54%
This
54%
love
46%
Love
46%
are
38%
But
38%
don't
38%
go
38%
I'll
38%
know
38%
like
38%
Now
38%
alone
31%
blue
31%
just
31%
Just
31%
let
31%
our
31%
right
31%
same
31%
Saw
31%
something
31%
time
31%
Up
31%
were
31%
with
31%
Achilles
23%
age
23%
Busy
23%
busy
23%
come
23%
coming
23%
eyes
23%
fast
23%
game
23%
golden
23%
good
23%
grace
23%
heel
23%
lights
23%
live
23%
lives
23%
Oh
23%
or
23%
play
23%
real
23%
state
23%
street
23%
through
23%
touch
23%
traffic
23%
walking
23%
wrong
23%
armor
15%
around
15%
bleeds
15%
cannonball
15%
changing
15%
fades
15%
fall
15%
falls
15%
fire
15%
four
15%
hurts
15%
loved
15%
minds
15%
Pierce
15%
room
15%
ruthless
15%
saint
15%
shades
15%
signs
15%
'til
15%
twin
15%
Unless
15%
wild
15%
brave
8%
broken
8%
clean
8%
fate
8%
fight
8%
hands
8%
hearts
8%
learn
8%
mosaic
8%
pain
8%
slates
8%
These
8%
worthwhile
8%
No matching quizzes found
Score Distribution
Percent of People with Each Score
Percentile by Number Answered
Your Score History
You have not taken this quiz